000 00555nam a2200217Ia 4500
003 OSt
005 20220928140602.0
006 a|||||r|||| 00| 0
007 ta
008 220927b |||||||| |||| 00| 0 eng d
024 _a9664
037 _cTextual
040 _aSDCL
_cSDCL
_beng
041 _2eng
_aeng
082 _aX:77.1'N1<-M7, L8
100 _aLewis Arthur W
_9496068
245 0 _aGrowth and fluctuations 1870-1913
260 _c1978
942 _hX:77.1'N1<-M7, L8
_cTEXL
_2CC
999 _c812338
_d812338